000 00638cab a2200217 4500
001 ABS43431
008 090401t1990 xxu||||| |||| 00| 0 eng d
035 _a(Sirsi) u41682
041 _aeng
100 _aRowe, R.
245 _aCapitalising on allowances
260 _c1990
350 _a0
490 _aNew Builder
_v(48) 23 August 1990, 20(1)
520 _aAdvises developers to plan projects to maximise the relief available through capital allowances , which would be regarded favourably by purchasers.
650 _aDEVELOPMENT
650 _aENTERPRISE ZONES
690 _aTAXATION
942 _n0
948 _c04/03/1997
999 _c26754
_d26754